Statistics for The Office fan quiz 2

Click here to take the quiz!

General Stats

  • This quiz has been taken 164 times
    (41 since last reset)
  • The average score is 12 of 15

Answer Stats

Question Answer % Correct
Did the Office crew determine Hilary Swank to be hot or attractive?Hot
97%
What does Dwight grow at Schrute frams?Beets
97%
In the debate to get new chairs or a new copier, what wins?New chairs
95%
Who of the following have not been Santa at one of the office christmas parties: Michael, Dwight, Phyllis, or Darryl?Dwight
95%
Who is not good at basketball, but is "supposed to be"?Stanley
92%
What does Kevin have a jar of on his desk?M&Ms
90%
What is Andy's nickname for Jim?Tuna
90%
Who is the CFO of Dunder Mifflin?David Wallace
87%
Oscar has an affair with who?The Senator
82%
"Hey Mr. Scott! Whatcha going to do? Whatcha going to do? _________"Make our dreams come true
72%
After forgetting Kelly's birthday, Jim and Dwight make an impromptu party for her with a sign that says what?It is your birthday.
72%
What is Pam's mom's name?Helene
69%
What was the name of the telemarketing salesman Michael brings on to the Michael Scott Paper Company and then quits?Vikram
64%
What was the name of the club Michael creates in the old closet downstairs?Cafe Disco
62%
What is the name of the trivia team that wins Oscar's gay bar trivia contest?The Einsteins
28%

Score Distribution

Percentile by Number Answered

Percent of People with Each Score

Your Score History

You have not taken this quiz since the last reset